000 00698nam a22001337a 4500
040 _cRUA
082 _aAVM SAN 2018 B654 Or.1
100 _aSANG NALIN សាំង ណាលីន
245 _aបរាសិតក្នុងក្រពះពោះវៀនក្របី នៅឃុំកំពងសីលាស្រុកកំពង់សីលា ខេត្តព្រះសីហនុ gastrointesinal parasites in buffalo at kampong seyla commune, kompong seyla disrtict, preh sihanuok province
260 _aRUA
_bPhnom penh
_c2018
300 _aviii;55p
_bill;
_c29cm
856 _u https://drive.google.com/file/d/1YJp-q4NBTa_c_-otgHQoSMV4WQF1oO_k/view?usp=sharing
942 _cAVM
999 _c18689
_d18689